Loukianou tou samosateos ta sazomena (Record no. 158204)

MARC details
000 -LEADER
campo de control de longitud fija 00808nam a22002175i 4500
001 - NÚMERO DE CONTROL
campo de control 158204
003 - IDENTIFICADOR DE NÚMERO DE CONTROL
campo de control ES-MaACL
005 - FECHA Y HORA DE LA ÚLTIMA TRANSACCIÓN
campo de control 20230906211044.0
008 - DATOS DE LONGITUD FIJA--INFORMACIÓN GENERAL
campo de control de longitud fija 040824s1842 fr |||| | grcod
040 ## - FUENTE DE CATALOGACIÓN
Centro catalogador/agencia de origen CAM
Lengua de catalogación spa
Centro/agencia transcriptor CAM
080 ## - NÚMERO DE LA CLASIFICACIÓN DECIMAL UNIVERSAL
Número de la Clasificación Decimal Universal 821.14-82"01"
100 0# - ENTRADA PRINCIPAL--NOMBRE DE PERSONA
Nombre de persona Luciano de Samosata.
9 (RLIN) 74580
245 10 - MENCIÓN DEL TÍTULO
Título Loukianou tou samosateos ta sazomena
Resto del título : = Luciani Samosatensis Opera /
Mención de responsabilidad, etc. ex recensione Guilielmi Dindorfii graece et latine cum indicibus.
250 ## - MENCION DE EDICION
Mención de edición Editio altera emendatior.
260 ## - PUBLICACIÓN, DISTRIBUCIÓN, ETC.
Lugar de publicación, distribución, etc. Parisiis :
Nombre del editor, distribuidor, etc. Editore Ambrosio Firmin Didot,
Fecha de publicación, distribución, etc. 1842 (
Fabricante Excudebant Firmin Didot fratres)
300 ## - DESCRIPCIÓN FÍSICA
Extensión VIII, 851 p. ;
Dimensiones 26 cm.
597 ## - NOTA DE DESCRIPCIÓN FÍSICA
NOTA DE DESCRIPCIÓN FÍSICA Texto a dos col. en griego y latín.
700 1# - ENTRADA AGREGADA--NOMBRE PERSONAL
Nombre de persona Dindorf, Wilhelm (
Fechas asociadas al nombre 1802-1883)
9 (RLIN) 158580
852 ## - LOCALIZACIÓN
Ubicación ES-MaACL
Número de control de estantería B-2442
Nota libre -- Enc. hol.
Holdings
Estatus retirado Estado de pérdida Estado de daño No para préstamo Colección Biblioteca de origen Biblioteca actual Ubicación en estantería Fecha de adquisición Fuente de adquisición Total de préstamos Signatura topográfica completa Código de barras Visto por última vez Precio de reemplazo Tipo de ítem Koha
        Libros del s. XIX Biblioteca del Ateneo de Madrid Biblioteca del Ateneo de Madrid Sala Pardo Bazán 17/01/2008     B-2442 1165577 23/02/2023 23/02/2023 Libro impreso antiguo